| 000 | 00558nam a2200181 i 4500 | ||
|---|---|---|---|
| 001 | 50811 | ||
| 003 | ES-MaACL | ||
| 005 | 20240507111648.0 | ||
| 007 | t| | ||
| 008 | 030806s1947 fr ||||1| fre d | ||
| 100 | 1 |
_aChambrun, Longworth. _937871 |
|
| 245 | 1 | 0 |
_aShakespeare retrouvé _b: sa vie-son oeuvre / _cLongworth Chambrun. |
| 260 |
_aParis : _bLarousse, _c[1947] |
||
| 300 |
_a494 p. ; _c25 cm. |
||
| 600 | 1 | 4 |
_aShakespeare, William, _d1564-1616- _xCrítica e interpretación _9105993 |
| 852 |
_aES-MaACL _jD-6886 _bR.29590 |
||
| 999 |
_c50811 _d50811 |
||